| 000 | 01731cad a22001935a 4500 | ||
|---|---|---|---|
| 001 | L140048 | ||
| 008 | 070831e20070817xxk f w 000 0 eng d | ||
| 035 | _a(Sirsi) u140048 | ||
| 041 | 0 | _aeng | |
| 245 | 0 | 0 |
_aStaffordshire CC v Challinor and another _h[electronic resource] |
| 260 | _c2007 | ||
| 520 | _a[2007] EWCA Civ 864, 21 June 2007. The appellant local authority (S) appealed against failure of its attempts to stop a breach of planning control, and to recover costs from the respondent (C). C owned land of around two hectares. Within this, an area of half a hectare had permitted use as an area for storage of materials from a plant contractor for recycling. S had refused to allow permission for a part of the rest of the land to be used for the importation, sorting and handling of the waste. S obtained a notice to this effect, but failed at first to obtain an injunction enforcing it. Upon the granting a temporary injunction, S argued that the certificate could remove lawful use rights. "Held": The enforcement notice superseded C's lawful use certificate, which applied only to a given point in time. The inspector upholding the enforcement notice could have varied it to give precedence to the lawful use certificate, but saw no cause to do so. C's non-compliance had been absolute prior to the temporary injunction, and remained partial afterwards. S was therefore entitled to a permanent injunction. Appeal allowed. | ||
| 590 | _aKA | ||
| 650 | 2 | 4 | _aSTAFFORDSHIRE CC V CHALLINOR |
| 651 | 4 |
_aEngland and Wales _y1543- |
|
| 690 | _aPROPERTY-RURAL AND NATURAL ASSETS-LAND | ||
| 856 | 4 | 0 |
_uhttps://www.bailii.org/ew/cases/EWCA/Civ/2007/864.html _zView the judgment free of charge at www.bailii.org... |
| 942 | _n0 | ||
| 999 |
_c79168 _d79168 |
||